01057nam a2200325Ia 450000500170000000800410001702000180005802000150007604100080009110000310009924500350013025000180016530000250018349000420020850000520025065000380030265000420034065000400038265000390042265000320046165000460049394200150053926400280055433600270058233700330060933800280064204000350067008400110070599900150071620220317001741.0170328s2014 c g 000 f s  a9789584239556 a9584239554 aspa1 aFranco Ramos, Jorged1962-10aParaíso TravelcJorge Franco a1a. edición a246 páginasc23 cm aAutores españoles e iberoamericanos aIncluye datos biográficos del autor en solapa142LEMBaNovela colombianaySiglo XX142LEMBaLiteratura colombianaySiglo XX142LEMBaAdolescentes en la literatura142LEMBaInmigrantes en la literatura142LEMBaAmor en la literatura142LEMBaProblemas sociales en la literatura 2loccBKLIT aBogotábPlanetac2014 atextobtxt2rdacontent asin mediaciónbn2rdamedia avolumenbnc2rdacarrier aCO-BoRNBPbspaerdacCO-BoRNBP aN FRA1 c7966d7966